000
00225nam a22000857a 4500
008
160712b xxu||||| |||| 00| 0 eng d
100
_9
2683
_a
Musser, J., et al
245
_a
Fire on the Hills
260
_a
Illi
_b
Tyndale House
_c
1998
999
_c
2333
_d
2333